| 000 | 01372cam a22003734a 4500 | ||
|---|---|---|---|
| 999 |
_c522729 _d522729 |
||
| 001 | 14862742 | ||
| 003 | NUST | ||
| 005 | 20190104051050.0 | ||
| 008 | 070524s2006 pk a b 000 0 eng | ||
| 010 | _a 2007377177 | ||
| 020 | _a9799695161660 | ||
| 020 | _a9695161669 | ||
| 025 | _aP-E-2007377177 ; 19 ; 25 | ||
| 038 | _awaseem | ||
| 040 |
_aDLC _cDLC |
||
| 042 | _alcode | ||
| 043 |
_aa-pk--- _aa-af--- |
||
| 050 | 0 | 0 |
_aLC3737.P18 _bH482 2006 |
| 082 |
_a370 _bHEL |
||
| 100 | 1 |
_aHetland, Atle. _912954 |
|
| 245 | 1 | 0 |
_aLearning away from home : _ba foundation book in refugee and emergency education / _cAtle Hetland. |
| 260 |
_aIslamabad : _bAlhamra Publishing, _c2006. |
||
| 300 |
_a282 p. : _bill. (some col.) ; _c26 cm. |
||
| 500 | _a"Expanded volume". | ||
| 500 | _aCases : Basic education for Afghan refugees, BEFARe and other refugee and returnee education activities in Pakistan and Afghanistan 1980-2005". | ||
| 504 | _aIncludes bibliographical references (p. 276-277). | ||
| 650 | 0 |
_aRefugees _xEducation _zPakistan. _912955 |
|
| 650 | 0 |
_aAfghans _xEducation _zPakistan. _912956 |
|
| 650 | 0 |
_aBasic education _zPakistan. _912957 |
|
| 650 | 0 |
_aAfghans _zPakistan _xSocial conditions. _912958 |
|
| 906 |
_a7 _bcbc _corigode _d3 _encip _f20 _gy-gencatlg |
||
| 942 |
_2ddc _cBK |
||